Managerial Accounting (Record no. 1640)

MARC details
000 -LEADER
fixed length control field 00414nam a22001697a 4500
005 - DATE AND TIME OF LATEST TRANSACTION
control field 20180717125629.0
008 - FIXED-LENGTH DATA ELEMENTS--GENERAL INFORMATION
fixed length control field 160525b xxu||||| |||| 00| 0 eng d
020 ## - INTERNATIONAL STANDARD BOOK NUMBER
ISBN 9971-51-406-0
041 ## - LANGUAGE CODE
Language code of text/sound track or separate title eng
082 ## - DEWEY DECIMAL CLASSIFICATION NUMBER
Item number 4810
Classification number 658.1511
100 ## - MAIN ENTRY--AUTHOR NAME
Personal name Jiambaluo, James
245 ## - TITLE STATEMENT
Title Managerial Accounting
260 ## - PUBLICATION, DISTRIBUTION, ETC. (IMPRINT)
Place of publication New Delhi
Name of publisher Academic Faundation
300 ## - PHYSICAL DESCRIPTION
Number of Pages 397p,
650 ## - SUBJECT ADDED ENTRY--TOPICAL TERM
Topical Term Management
942 ## - ADDED ENTRY ELEMENTS (KOHA)
Koha item type Books
Holdings
Lost status Damaged status Collection code Home library Current library Shelving location Date acquired Cost, normal purchase price Full call number Accession Number Koha item type
    MANAGEMENT JRU Library JRU Library SHELF-73-M 25/05/2016 407.00 658.1511 4810 Books